Liberalization of services and its implications on agricultural trade in Eastern Africa region / (Record no. 1352)
[ view plain ]
| 000 -LEADER | |
|---|---|
| fixed length control field | 00697cam a22002052 4500 |
| 001 - CONTROL NUMBER | |
| control field | 0000023494 |
| 005 - DATE AND TIME OF LATEST TRANSACTION | |
| control field | 20151021151147.0 |
| 008 - FIXED-LENGTH DATA ELEMENTS--GENERAL INFORMATION | |
| fixed length control field | 130124s xx 000 0 eng d |
| 020 ## - INTERNATIONAL STANDARD BOOK NUMBER | |
| International Standard Book Number | 9966777741 |
| 040 ## - CATALOGING SOURCE | |
| Original cataloging agency | KABU |
| Transcribing agency | KABU |
| 100 1# - MAIN ENTRY--PERSONAL NAME | |
| Personal name | Onyango, Christopher Hugh. |
| -- | 0000182924 |
| 245 10 - TITLE STATEMENT | |
| Title | Liberalization of services and its implications on agricultural trade in Eastern Africa region / |
| Statement of responsibility, etc. | Christopher Hugh Onyango. |
| 250 ## - EDITION STATEMENT | |
| Edition statement | 1st ed. |
| 260 ## - PUBLICATION, DISTRIBUTION, ETC. (IMPRINT) | |
| Place of publication, distribution, etc. | Nairobi : |
| Name of publisher, distributor, etc. | Kippra, |
| Date of publication, distribution, etc. | 2010. |
| 300 ## - PHYSICAL DESCRIPTION | |
| Extent | v, 33 p. |
| 650 #0 - SUBJECT ADDED ENTRY--TOPICAL TERM | |
| Topical term or geographic name as entry element | Agricultural industries and trade |
| Geographic subdivision | Africa, Eastern. |
| -- | 0000182925 |
| 908 ## - PUT COMMAND PARAMETER (RLIN) | |
| Put command parameter | 130124 |
| 950 ## - LOCAL HOLDINGS (RLIN) | |
| -- | 1 |
| Withdrawn status | Lost status | Source of classification or shelving scheme | Not for loan | Home library | Current library | Date acquired | Total Checkouts | Full call number | Barcode | Date last seen | Price effective from | Koha item type | Copy number |
|---|---|---|---|---|---|---|---|---|---|---|---|---|---|
| Library of Congress Classification | Kabarak, Main Campus | Kabarak, Main Campus | 21/10/2015 | HD9000.9 .A354O59 2010 c.1 | 014284 | 02/08/2024 | 21/10/2015 | General Collection | C.1 | ||||
| Library of Congress Classification | Kabarak, Main Campus | Kabarak, Main Campus | 17/12/2015 | HD9000.9 .A354O59 2010 c.2 | 015797 | 02/08/2024 | 17/12/2015 | General Collection | |||||
| Library of Congress Classification | Kabarak, Main Campus | Kabarak, Main Campus | 17/12/2015 | HD9000.9 .A354O59 2010 c.1 | 014281 | 17/12/2015 | 17/12/2015 | Africana Collection | |||||
| Library of Congress Classification | Kabarak, Nakuru City Campus | Kabarak, Nakuru City Campus | 21/10/2015 | HD9000.9 .A354O59 2010 c.1 | 014282 | 21/10/2015 | 21/10/2015 | General Collection |